=LDR 00000nam 2200000 4500 =001 INLIS000000000016109 =005 20200227022949 =035 ##$$a 0010-061300000016109 =008 200227################g##########0#ind## =041 ##$$a Ind =082 ##$$a 172.42 =090 ##$$a 172.42, San p =100 ##$$a Santoso, Lukito =245 1#$$a Polemologi : $b Peranti kuantitatif dan kualitatif trilogi perdamaian /$c Drs. Loekito Santoso; Editor: Tjun Surjaman =260 ##$$a Bandung :$b Remaja Rosdakarya,$c 1991 =300 ##$$a xii,219 hlm : $b ilus ; $c 24 x 16 cm =850 ##$$a NBPNMAT =084 ##$$a 172.42 SAN p =650 #4$$a Etika - hubungan internasional =504 ##$$a Bibliografi : halaman 219 =990 ##$$a 68.149/pro94-95 =990 ##$$a 68.150/pro-94-95